000 00484pab a2200169 454500
008 180718b2001 xxu||||| |||| 00| 0 eng d
100 _aGupta, R.B.
245 _aPerceptions of basic health workers (males) on increasing their involvement in family planning promotional efforts
260 _c2001
300 _ap.36-49.
362 _aApr
650 _aFamily planning
700 _aPatel, Bella
700 _aKhan, M.E.
773 _aJournal of Family Welfare
909 _a54687
999 _c54687
_d54687